000 00686nam a22002417a 4500
003 UA-OsUOA
001 126758
007 ta
008 20171106b un ||||| |||| 00| 0 ukr d
100 _aМіщенко В. І.
700 _aНауменкова С. В.
700 _aЛьон І. М.
090 _a330(477)
_bМ71
942 _cSA
040 _aUA-OsUOA
_bukr
_cUA-OsUOA
_dUA-OsUOA
245 _aСвітові тенденції монетизації економіки
300 _aС.53-75
955 _a0
041 _aukr
080 _a330(477)
773 0 _w126755
_tФінанси України
_dК.
_d2017
_g9
650 7 _a330 Економіка взагалі
_2UDC
999 _c414295
_d414295